000
00195nam a22000857a 4500
008
161215b xxu||||| |||| 00| 0 eng d
100
_9
2078
_a
NCERT
245
_a
Mathematics - VI
260
_b
NCERT
_c
2006
999
_c
4955
_d
4955